Score 0/16 Timer 04:00
0 Plays Today
Scrambled Movie Answer % Correct
ON YWA KABCNO WAY BACK
98.6%
EHT CQIUK NAD EHT ADEDTHE QUICK AND THE DEAD
97%
DYBO FO SILEBODY OF LIES
93.5%
A ABEFILTUU DINMA BEAUTIFUL MIND
90.4%
EHT TENX HEERT SAYDTHE NEXT THREE DAYS
88.1%
FOPOR FO FIELPROOF OF LIFE
83.1%
BROIN DOHOROBIN HOOD
82.5%
AL CADEFINITNOLL.A. CONFIDENTIAL
79.5%
Scrambled Movie Answer % Correct
TSEAT FO LPYASTATE OF PLAY
72.4%
AADGILORTGLADIATOR
71.7%
STYMYER KASLAAMYSTERY, ALASKA
71.6%
Actor starring in these films:RUSSELL CROWE
68.4%
ACDEEILLNR NMACINDERELLA MAN
52.5%
CAMERAIN STRANGEGAMERICAN GANGSTER
41.9%
IIOSRTTUVYVIRTUOSITY
21%
DEEENNRSSTTENDERNESS
7.3%

You're not logged in!

Compare scores with friends on all Sporcle quizzes.
OR
Log In

Sporcle TV

Today on Sporcle TV


Watch our educational content, quiz creation guides, and fun videos on Sporcle TV.

Show Comments

Extras

Top Quizzes Today


Score Distribution

Your Account Isn't Verified!

In order to create a playlist on Sporcle, you need to verify the email address you used during registration. Go to your Sporcle Settings to finish the process.

Report this User

Report this user for behavior that violates our Community Guidelines.

Details: